| 000 | 00515nam a2200205Ia 4500 | ||
|---|---|---|---|
| 001 | 5612 | ||
| 003 | GE_BSU | ||
| 008 | 181216s||||||||xx |||||||||||||| ||und|| | ||
| 040 | _cGE_BSU | ||
| 080 | _a512.1(075.3)+514.116(075.3) | ||
| 100 | _aКречмар, В.А. | ||
| 245 | _aЗадачник по алгебре. | ||
| 250 | _aизд. 5-е | ||
| 260 | _aМоска | ||
| 260 | _bНаука | ||
| 260 | _c1964 | ||
| 300 | _a385 с. 22 см. | ||
| 653 | _aЗадачник по алгебре | ||
| 942 | _cBK | ||
| 999 |
_c39067 _d39067 |
||